Các hệ thống nguồn điện, chống sét và tiếp đất trạm viễn thông : Nguyên lý hoạt động, quản lý và bảo dưỡng

Sách cung cấp các kiến thức cơ bản về nguyên lý hoạt động, các quy trình kỹ thuật về tổ chức, quản lý, vận hành, khai thác và bảo dưỡng các hệ thống nguồn điện, chống sét và tiếp đất trạm viễn thông....

সম্পূর্ণ বিবরণ

সংরক্ষণ করুন:
গ্রন্থ-পঞ্জীর বিবরন
প্রধান লেখক: Bùi, Thanh Giang
বিন্যাস: গ্রন্থ
ভাষা:Undetermined
প্রকাশিত: Hà Nội Bưu điện 2005
বিষয়গুলি:
ট্যাগগুলো: ট্যাগ যুক্ত করুন
কোনো ট্যাগ নেই, প্রথমজন হিসাবে ট্যাগ করুন!
Thư viện lưu trữ: Trung tâm Học liệu Trường Đại học Cần Thơ
LEADER 01018nam a2200217Ia 4500
001 CTU_114209
008 210402s9999 xx 000 0 und d
020 |c 45000 
082 |a 621.38 
082 |b Gi106 
100 |a Bùi, Thanh Giang 
245 0 |a Các hệ thống nguồn điện, chống sét và tiếp đất trạm viễn thông : 
245 0 |b Nguyên lý hoạt động, quản lý và bảo dưỡng 
245 0 |c Bùi Thanh Giang 
260 |a Hà Nội 
260 |b Bưu điện 
260 |c 2005 
520 |a Sách cung cấp các kiến thức cơ bản về nguyên lý hoạt động, các quy trình kỹ thuật về tổ chức, quản lý, vận hành, khai thác và bảo dưỡng các hệ thống nguồn điện, chống sét và tiếp đất trạm viễn thông. 
650 |a Telecommunication,Electronics 
904 |i Năm 
980 |a Trung tâm Học liệu Trường Đại học Cần Thơ